| 000 | 00737nam a22002177a 4500 | ||
|---|---|---|---|
| 999 |
_c1524 _d1524 |
||
| 003 | AR-CdUCM | ||
| 008 | 190227b ||||| |||| 00| 0 spa d | ||
| 040 |
_aMUNICIPALIDAD PROVINCIAL DEL CUSCO _cBIBLIOTECA MUNICIPAL DEL CUSCO |
||
| 082 |
_a985.033 / _bC76 |
||
| 100 |
_aCasapino Alarcón, Juana _95745 |
||
| 245 | _aCombapata en la revolución de Túpac Amaru / | ||
| 260 |
_aCusco : _bs.n. _c2012. |
||
| 300 |
_a138 páginas ; _bfotos ; _c20 cm. |
||
| 500 | _aAntes del título: "Rumbo al II centenario" | ||
| 650 |
_aCombapata-Cusco _95746 |
||
| 650 |
_aAyllus incaicos _95747 |
||
| 650 |
_aRevolución de Túpac Amaru, 1780-1784. _95748 |
||
| 650 |
_aAspectos sociales _9262 |
||
| 942 |
_2ddc _cLIBROS |
||
| 945 |
_araen _d2019-02-27 |
||